| 000 | 00501nam a22001697a 4500 | ||
|---|---|---|---|
| 999 |
_c4487 _d4487 |
||
| 003 | GBCCL | ||
| 005 | 20241126110519.0 | ||
| 008 | 180122b xxu||||| |||| 00| 0 eng d | ||
| 040 | _cgbc | ||
| 082 |
_a226.6007 _bHAR |
||
| 100 |
_aHartog II, John _98069 |
||
| 245 |
_aWhen the Church was Young and Bold: _bActs 13-28 / _cJohn Hartog II |
||
| 260 |
_aIllinois: _bRegular Baptist Press, _c1988 |
||
| 300 |
_a127 p.; _bill., _c23 cm. |
||
| 650 |
_aBible _vNew Testament _vActs _xStudy _98125 |
||
| 942 |
_2ddc _cBK _02 |
||